000
00227nam a22000857a 4500
008
220526b ||||| |||| 00| 0 eng d
100
_a
Bond, Arthur
245
_a
Hampden Machine Cancellations
650
_a
Hampden|Machine Cancellations
999
_c
3397
_d
3397